[Event "Championnat de France Minime"]
[Site "CALVI"]
[Date "2005.04.19"]
[Round "4.7"]
[White "Fougerit, Valentin"]
[Black "Savon, Jeremie"]
[Result "1-0"]
[WhiteElo "2068"]
[BlackElo "1880"]
[PlyCount "77"]
[EventDate "2005.??.??"]
[SourceDate "2005.04.17"]

1. e4 e5 2. Nf3 d6 3. d4 exd4 4. Nxd4 Nf6 5. Nc3 a6 6. Be2 c5 7. Nb3 b5 8. O-O
Bb7 9. Re1 Be7 10. a4 b4 11. Nd5 Nxd5 12. exd5 O-O 13. f4 Nd7 14. Bf3 Bf6 15.
Kh1 Nb6 16. Na5 Qc7 17. Nxb7 Qxb7 18. Be4 Nc4 19. Qd3 Rae8 20. Qxc4 Bd4 21. c3
bxc3 22. bxc3 f5 23. cxd4 Rxe4 24. Rxe4 fxe4 25. dxc5 dxc5 26. Be3 Rf5 27. Rd1
Qd7 28. Qxa6 Kf7 29. Qc4 Rh5 30. Qxe4 Qg4 31. Qe6+ Qxe6 32. dxe6+ Kxe6 33. a5
c4 34. a6 Ra5 35. a7 c3 36. Kg1 c2 37. Rc1 Kd5 38. Rxc2 Ke4 39. Kf2 1-0

[Event "Championnat de France Minime"]
[Site "CALVI"]
[Date "2005.04.19"]
[Round "4.8"]
[White "Brucelle, Clement"]
[Black "Henry, Guillaume"]
[Result "0-1"]
[WhiteElo "1979"]
[BlackElo "2128"]
[PlyCount "106"]
[EventDate "2005.??.??"]
[SourceDate "2005.04.17"]

1. e4 d6 2. d4 g6 3. Nf3 Bg7 4. h3 Nf6 5. Nc3 c6 6. a4 O-O 7. Be2 e5 8. dxe5
dxe5 9. Qxd8 Rxd8 10. Be3 Nbd7 11. O-O-O Re8 12. Nd2 Bf8 13. Nc4 Nc5 14. f3 Nh5
15. Rhe1 Ng3 16. Bf1 Nxf1 17. Rxf1 f6 18. h4 Ne6 19. g3 Bb4 20. Nb1 b6 21. Nd6
Bxd6 22. Rxd6 Ba6 23. Rf2 c5 24. a5 Rad8 25. Rfd2 Nd4 26. Rxd8 Rxd8 27. axb6
axb6 28. Kd1 Ra8 29. c3 Nxf3 30. Rf2 Rd8+ 31. Kc1 Ng1 32. Rxf6 Ne2+ 33. Kc2
Bd3+ 34. Kd1 Nxg3 35. Nd2 Ra8 36. Ke1 Ra1+ 37. Kf2 Rf1+ 38. Nxf1 Nxe4+ 39. Kg2
Nxf6 40. Ng3 Kf7 41. b4 cxb4 42. cxb4 Nd5 43. Bg1 Ke6 44. Kf3 Kd6 45. Ne4+
Bxe4+ 46. Kxe4 Nf6+ 47. Kd3 b5 48. Bc5+ Kd5 49. Ke3 Ng4+ 50. Kf3 Nh6 51. Bb6
Nf5 52. Kg4 Kc4 53. Bc5 Kd3 0-1

[Event "Championnat de France Minime"]
[Site "CALVI"]
[Date "2005.04.19"]
[Round "4.9"]
[White "Frederic, Clement"]
[Black "Lemonnier, Remi"]
[Result "1-0"]
[WhiteElo "2095"]
[BlackElo "1930"]
[PlyCount "75"]
[EventDate "2005.??.??"]
[SourceDate "2005.04.17"]

1. e4 c5 2. Nf3 Nc6 3. d4 cxd4 4. Nxd4 Nf6 5. Nc3 e5 6. Ndb5 d6 7. Bg5 a6 8.
Na3 b5 9. Nd5 Be7 10. Bxf6 Bxf6 11. c3 Ne7 12. g3 Bb7 13. Bg2 Nxd5 14. exd5 O-O
15. O-O Bg5 16. Nc2 Qd7 17. a4 bxa4 18. Ne3 f5 19. f4 Bd8 20. Kh1 e4 21. Rxa4
Rc8 22. Bh3 Bb6 23. Rxe4 Bxe3 24. Rxe3 Qb5 $11 25. Bg2 Qxb2 26. Qd3 Qa2 27. Re7
Rb8 28. Rfe1 Bc8 29. Qd4 Rf7 30. Re8+ Rf8 31. R8e7 Rf7 32. Rxf7 Kxf7 33. Qe3
Bb7 34. Qe7+ Kg8 35. Qe6+ Kf8 36. Qxd6+ Kf7 37. Re7+ Kf8 38. Rxb7+ 1-0

[Event "Championnat de France Minime"]
[Site "CALVI"]
[Date "2005.04.19"]
[Round "4.10"]
[White "Ritzenthaler, Stephane"]
[Black "Flandre, Xavier"]
[Result "1-0"]
[WhiteElo "2026"]
[BlackElo "1947"]
[PlyCount "83"]
[EventDate "2005.??.??"]
[SourceDate "2005.04.17"]

1. e4 c6 2. d4 d5 3. Nc3 dxe4 4. Nxe4 Nd7 5. Nf3 Ngf6 6. Nxf6+ Nxf6 7. Bc4 e6
8. O-O Qc7 9. Ne5 Bd6 10. Re1 O-O 11. Bg5 Nd5 12. Bd2 b5 13. Bd3 f6 14. Nf3 Bd7
15. a4 a6 16. b3 b4 17. Kh1 a5 18. Nh4 Bf4 19. Bxf4 Nxf4 20. Bc4 Nd5 21. Nf3
Rfe8 22. Kg1 Rad8 23. Qd2 Kh8 24. Re4 Bc8 25. Rh4 Ne7 26. Bd3 Nf5 27. Re4 Bb7
28. Rae1 Bc8 29. Bc4 Nd6 30. R4e2 Nxc4 31. bxc4 Bd7 32. c3 Rb8 33. c5 bxc3 34.
Qxc3 Rb4 35. Qa1 Reb8 36. Nd2 Qf4 37. Ne4 Kg8 38. Rd1 e5 39. Nd6 Rxd4 40. Qa2+
Rd5 41. Rxd5 Qc1+ {Diagramme #} 42. Rd1+ 1-0

[Event "Championnat de France Minime Fille"]
[Site "CALVI"]
[Date "2005.04.19"]
[Round "4.1"]
[White "Ferry, Justine"]
[Black "Benmesbah, Natacha"]
[Result "1-0"]
[WhiteElo "1882"]
[BlackElo "2113"]
[PlyCount "123"]
[EventDate "2005.??.??"]
[SourceDate "2005.04.17"]

1. d4 Nf6 2. c4 c5 3. d5 e6 4. Nc3 exd5 5. cxd5 d6 6. Nf3 g6 7. Bf4 a6 8. a4
Nbd7 9. e4 Qc7 10. Be2 Bg7 11. O-O O-O 12. Nd2 Ne5 13. Bxe5 dxe5 14. Nc4 Ne8
15. a5 Nd6 16. Nb6 Rb8 17. Qd2 Qe7 18. Qe3 Qc7 19. Nca4 c4 20. Rfc1 Bd7 21.
Bxc4 Bxa4 22. Rxa4 Qe7 23. Be2 Rfd8 24. b3 Bf6 25. Qc3 Bg5 26. Rc2 Qe8 27. Bd3
Bf6 28. Qc7 Bg7 29. Raa2 Qf8 30. Nd7 Ne8 31. Qxb8 Rxb8 32. Nxf8 Bxf8 33. Rc3
Be7 34. Rac2 Nd6 35. Rc7 Bf8 36. b4 Rd8 37. f3 Rb8 38. Kf2 Ne8 39. Rc8 Rxc8 40.
Rxc8 Nd6 41. Rc7 Kg7 42. g3 g5 43. f4 gxf4 44. gxf4 Kf6 45. f5 Bh6 46. Rd7 Bf8
47. Kf3 Kg5 48. Kg3 h6 49. h3 h5 50. h4+ Kh6 51. Kf3 Kg7 52. Rc7 Kh6 53. Bxa6
bxa6 54. Rc6 Kg7 55. Rxa6 Nc4 56. b5 Bb4 57. b6 Nxa5 58. b7 Nxb7 59. Rb6 Be7
60. Rxb7 Bxh4 61. d6 Kf6 62. Rb8 1-0

[Event "Championnat de France Minime Fille"]
[Site "CALVI"]
[Date "2005.04.19"]
[Round "4.2"]
[White "Brih, Touatia"]
[Black "Gadarinian, Caroline"]
[Result "1-0"]
[WhiteElo "1904"]
[BlackElo "1927"]
[PlyCount "113"]
[EventDate "2005.??.??"]
[SourceDate "2005.04.17"]

1. Nf3 Nf6 2. c4 c6 3. Nc3 d6 4. g3 Bg4 5. Bg2 e5 6. d3 Be7 7. O-O Nbd7 8. Bg5
O-O 9. b4 Qc7 10. h3 Be6 11. Bxf6 Bxf6 12. Ne4 d5 13. cxd5 Bxd5 14. Nfd2 Be7
15. a3 a5 16. bxa5 Rxa5 17. a4 f5 18. Nc3 Be6 19. Nb3 Ra7 20. Qc2 Nc5 21. Nxc5
Bxc5 22. e3 Bd6 23. Rac1 Qf7 24. Rb1 Qd7 25. f4 exf4 26. exf4 Bc5+ 27. Kh1 Bd4
28. Ne2 Bf6 29. Rb4 Rd8 30. Rd1 Bd5 31. Ng1 Re8 32. Qf2 Rea8 33. Rdb1 Bf7 34.
d4 Bd5 35. Nf3 Be7 36. Ne5 Qd6 37. Rxb7 Rxa4 38. Rd7 Qe6 39. Bxd5 cxd5 40. Qb2
Bd6 41. Qb6 R4a6 42. Rd8+ Rxd8 43. Qxd8+ Bf8 44. Rb8 Ra1+ 45. Kg2 Ra2+ 46. Kf3
Ra3+ 47. Kf2 Ra2+ 48. Ke3 Ra3+ 49. Kd2 Ra2+ 50. Kc3 Ra3+ 51. Kb2 Ra2+ 52. Kxa2
Qa6+ 53. Kb3 Qa3+ 54. Kc2 Qa4+ 55. Kd2 Qa2+ 56. Ke3 Qa3+ 57. Nd3 1-0

[Event "Championnat de France Minime Fille"]
[Site "CALVI"]
[Date "2005.04.19"]
[Round "4.3"]
[White "Congiu, Mathilde"]
[Black "Gras, Delphine"]
[Result "1/2-1/2"]
[WhiteElo "2072"]
[BlackElo "1952"]
[PlyCount "75"]
[EventDate "2005.??.??"]
[SourceDate "2005.04.17"]

1. e4 c6 2. d4 d5 3. Nc3 dxe4 4. Nxe4 Bf5 5. Ng3 Bg6 6. h4 h6 7. h5 Bh7 8. Nf3
Nd7 9. Bd3 Bxd3 10. Qxd3 Qc7 11. Be3 e6 12. O-O-O Ngf6 13. Kb1 O-O-O 14. Qb3
Bd6 15. Ne2 Ng4 16. c4 c5 17. Rc1 Nxe3 18. fxe3 Nf6 19. Nc3 Bg3 20. Rh3 Bf2 21.
Nb5 Qb6 22. Ne5 a6 23. dxc5 Qxc5 24. Nxf7 Ne4 25. Qc2 Bxe3 26. Qxe4 Bxc1 27.
Nxh8 Rxh8 28. Qxe6+ Kb8 29. Qd6+ Qxd6 30. Nxd6 Bf4 31. Nf5 Rd8 32. Rf3 Be5 33.
Kc2 Kc7 34. Ne3 Rd7 35. Nd5+ Kc6 36. Re3 Bd6 37. Rf3 b5 38. Ne3 1/2-1/2

[Event "Championnat de France Minime Fille"]
[Site "CALVI"]
[Date "2005.04.19"]
[Round "4.4"]
[White "Koroid, Janna"]
[Black "Laurens, Julia"]
[Result "0-1"]
[WhiteElo "1830"]
[BlackElo "2023"]
[PlyCount "52"]
[EventDate "2005.??.??"]
[SourceDate "2005.04.17"]

1. d4 d5 2. c4 c6 3. Nf3 Nf6 4. Nc3 a6 5. e3 b5 6. cxd5 cxd5 7. a3 Bg4 8. Be2
e6 9. O-O Nbd7 10. b3 Bd6 11. Bb2 O-O 12. h3 Bh5 13. Rc1 Qe7 14. Nb1 Rfc8 15.
Rxc8+ Rxc8 16. Ne5 Bxe2 17. Qxe2 Ne4 18. Nxd7 Qxd7 19. Rc1 Rxc1+ 20. Bxc1 Qc6
21. Bb2 b4 22. axb4 Bxb4 23. Ba3 Bxa3 24. Nxa3 Qc1+ 25. Kh2 Qxa3 26. f3 Qd6+
0-1

[Event "Championnat de France Minime Fille"]
[Site "CALVI"]
[Date "2005.04.19"]
[Round "4.5"]
[White "Bodlenner, Camille"]
[Black "Riquebon, Nathalie"]
[Result "1/2-1/2"]
[WhiteElo "1985"]
[BlackElo "1710"]
[PlyCount "74"]
[EventDate "2005.??.??"]
[SourceDate "2005.04.17"]

1. e4 d5 2. exd5 Qxd5 3. Nc3 Qa5 4. Bc4 Nf6 5. d3 Bg4 6. Nge2 e5 7. Bd2 c6 8.
O-O Nbd7 9. a3 Bd6 10. Nb5 Qxb5 11. Bxb5 cxb5 12. Bb4 Bc7 13. h3 Bh5 14. Re1 a5
15. Bd2 O-O 16. Qc1 Rac8 17. Ng3 Bg6 18. Bg5 Nd5 19. h4 h6 20. Bd2 Bb6 21. Qd1
Rfe8 22. Ne4 Re6 23. Rc1 Rec6 24. b3 f5 25. Ng3 Bd8 26. h5 Bh7 27. c4 bxc4 28.
dxc4 N5f6 29. Bc3 f4 30. Nf1 Bc7 31. Nd2 Nc5 32. Ra1 Nd3 33. Rf1 Bf5 34. Qe2
Rd8 35. Nf3 Bg4 36. Qc2 Bxh5 37. Be1 e4 1/2-1/2

[Event "Championnat de France Minime Fille"]
[Site "CALVI"]
[Date "2005.04.19"]
[Round "4.6"]
[White "Le Bail, Clara"]
[Black "Des Bouillons, Pauline"]
[Result "1-0"]
[WhiteElo "1938"]
[BlackElo "1560"]
[PlyCount "57"]
[EventDate "2005.??.??"]
[SourceDate "2005.04.17"]

1. e4 e5 2. Nc3 Nf6 3. g3 d5 4. exd5 Nxd5 5. Bg2 c6 6. Nge2 Be6 7. O-O Bd6 8.
d3 Nd7 9. Ne4 Qc7 10. d4 f5 11. Nxd6+ Qxd6 12. dxe5 Qxe5 13. Nd4 Nf8 14. Re1
Qf6 15. Nxe6 Nxe6 16. Bxd5 Rd8 17. Qe2 Rxd5 18. Qxe6+ Qxe6 19. Rxe6+ Kf7 20.
Re1 Rhd8 21. Bf4 g6 22. Kg2 a6 23. h4 b5 24. a4 Rd4 25. axb5 axb5 26. Ra6 Rc8
27. Ra7+ Kg8 28. Ree7 Rcd8 29. Rxh7 1-0

[Event "Championnat de France Minime Fille"]
[Site "CALVI"]
[Date "2005.04.19"]
[Round "4.7"]
[White "Cheype, Marie"]
[Black "Bismuth, Lea"]
[Result "0-1"]
[WhiteElo "1720"]
[BlackElo "1860"]
[PlyCount "52"]
[EventDate "2005.??.??"]
[SourceDate "2005.04.17"]

1. d4 Nf6 2. Nf3 g6 3. e3 Bg7 4. Bd3 O-O 5. O-O d6 6. e4 Nbd7 7. Bg5 h6 8. Be3
Nb6 9. h3 Nfd7 10. Qd2 Kh7 11. c3 e5 12. Nh2 Nf6 13. f4 exf4 14. Rxf4 Qe7 15.
Rh4 Ng8 16. Nf3 f5 17. exf5 Bxf5 18. Bxf5 Rxf5 19. Ng5+ Kh8 20. Re4 Qd7 21. Ne6
Nf6 22. Nxg7 Nxe4 23. Qd3 Kxg7 24. Qxe4 d5 25. Qh4 g5 26. Qh5 Nc4 0-1

[Event "Championnat de France Minime Fille"]
[Site "CALVI"]
[Date "2005.04.19"]
[Round "4.9"]
[White "Cwiek, Perrine"]
[Black "Ezanno, Morgane"]
[Result "1-0"]
[WhiteElo "1690"]
[BlackElo "1800"]
[PlyCount "89"]
[EventDate "2005.??.??"]
[SourceDate "2005.04.17"]

1. e4 c5 2. Nf3 d6 3. Bb5+ Nc6 4. O-O Bd7 5. c3 Nf6 6. Re1 g6 7. d4 cxd4 8.
cxd4 Bg7 9. Nc3 O-O 10. h3 Rc8 11. Bg5 Na5 12. Bxd7 Qxd7 13. Rc1 Nc4 14. Qe2
Rc7 15. Bxf6 Bxf6 16. Nd5 Rc6 17. Nxf6+ exf6 18. Rxc4 Rxc4 19. Qxc4 Rc8 20. Qd3
Qa4 21. a3 Qc2 22. Qxc2 Rxc2 23. b3 Rc3 24. Re3 Rc1+ 25. Kh2 Kf8 26. Rd3 Ke7
27. Kg3 Ke6 28. Nd2 Rc2 29. d5+ Kd7 30. Nc4 Kc7 31. Rf3 Kd7 32. Rxf6 Rc3+ 33.
Rf3 Rxf3+ 34. Kxf3 Kc7 35. Kf4 f6 36. g4 b5 37. Na5 Kb6 38. Nc6 a6 39. g5 fxg5+
40. Kxg5 Kc5 41. Kh6 Kb6 42. Kxh7 a5 43. Kxg6 a4 44. b4 Kc7 45. h4 1-0

[Event "Championnat de France Minime Fille"]
[Site "CALVI"]
[Date "2005.04.19"]
[Round "4.10"]
[White "Le Berre, Tennessee"]
[Black "Esposito, Julie"]
[Result "0-1"]
[WhiteElo "1620"]
[BlackElo "1810"]
[PlyCount "90"]
[EventDate "2005.??.??"]
[SourceDate "2005.04.17"]

1. e4 e5 2. Nf3 Nc6 3. Nc3 Nf6 4. d4 d6 5. dxe5 Nxe5 6. Nxe5 dxe5 7. Qxd8+ Kxd8
8. Bg5 Be7 9. O-O-O+ Bd7 10. Bc4 Ke8 11. Bxf6 Bxf6 12. Bxf7+ Ke7 13. Bb3 c6 14.
f3 Bg5+ 15. Kb1 Rhf8 16. Rd3 Rad8 17. g3 Bh3 18. f4 Rxd3 19. cxd3 exf4 20. gxf4
Rxf4 21. d4 Rf1+ 22. Rxf1 Bxf1 23. Kc2 Bh3 24. Ne2 Bg2 25. Ng3 Bf4 26. Kd3 g5
27. e5 Bh3 28. Ke4 Bxg3 29. hxg3 h6 30. d5 cxd5+ 31. Bxd5 Bg2+ 32. Kd4 Bxd5 33.
Kxd5 h5 34. Ke4 Ke6 35. a3 h4 36. gxh4 gxh4 37. Kf4 h3 38. Kg3 h2 39. Kxh2 Kxe5
40. Kg2 Kd4 41. Kf2 Kd3 42. Ke1 Kc2 43. b4 Kb3 44. Kd2 Kxa3 45. Kc3 b5 0-1

[Event "Championnat de France Minime"]
[Site "CALVI"]
[Date "2005.04.20"]
[Round "5.1"]
[White "Dourerassou, Jonathan"]
[Black "Vernay, Clovis"]
[Result "1/2-1/2"]
[WhiteElo "2343"]
[BlackElo "2224"]
[PlyCount "66"]
[EventDate "2005.??.??"]
[SourceDate "2005.04.17"]

1. c4 e5 2. Nc3 Nf6 3. a3 Be7 4. e3 c6 5. Nf3 d6 6. Qc2 Bg4 7. Be2 Bh5 8. h3
Bg6 9. d3 Nfd7 10. e4 a5 11. Be3 Na6 12. d4 O-O 13. O-O Re8 14. Rad1 Qc7 15.
Qd2 Rad8 16. Bd3 h6 17. Bc2 Nf8 18. Rde1 Nb8 19. Ne2 Ne6 20. Ng3 c5 21. d5 Nd4
22. Bd1 Nd7 23. Nh2 Nf6 24. Ng4 Nxg4 25. hxg4 Bf6 26. Nf5 Bxf5 27. gxf5 Rb8 28.
g3 Rec8 29. Be2 a4 30. Kg2 Nb3 31. Qc2 Qa5 32. Rh1 Kf8 33. Rb1 Ke7 1/2-1/2

[Event "Championnat de France Minime"]
[Site "CALVI"]
[Date "2005.04.20"]
[Round "5.2"]
[White "Heinz, Timothee"]
[Black "Edouard, Romain"]
[Result "0-1"]
[WhiteElo "2231"]
[BlackElo "2255"]
[PlyCount "74"]
[EventDate "2005.??.??"]
[SourceDate "2005.04.17"]

1. e4 c5 2. Nf3 Nc6 3. d4 cxd4 4. Nxd4 g6 5. Nc3 Bg7 6. Nde2 Nf6 7. g3 O-O 8.
Bg2 d6 9. O-O Rb8 10. a4 a6 11. Nd5 Ne5 12. Nd4 Nc6 13. Ne2 Ne5 14. h3 Ned7 15.
Nd4 e5 16. Ne2 Nxd5 17. Qxd5 Nf6 18. Qd3 Be6 19. Bg5 Qd7 20. Kh2 h6 21. Bxf6
Bxf6 22. Rfd1 Rbd8 23. Nc3 Bg7 24. Rd2 h5 25. Nd5 f5 26. f3 Bh6 27. Re2 $11 f4
28. g4 Bg5 29. Ree1 Bh4 30. Rh1 Qc6 31. Qd2 Kg7 32. Bf1 hxg4 33. hxg4 Rh8 34.
Kg2 Bg3 35. Nb4 {Diagramme #} 35... Rxh1 36. Nxc6 Rdh8 37. Qxd6 R8h2# 0-1

[Event "Championnat de France Minime"]
[Site "CALVI"]
[Date "2005.04.20"]
[Round "5.3"]
[White "Genzling, Alain"]
[Black "Delorme, Axel"]
[Result "1/2-1/2"]
[WhiteElo "2110"]
[BlackElo "2202"]
[PlyCount "41"]
[EventDate "2005.??.??"]
[SourceDate "2005.04.17"]

1. e4 e5 2. Nf3 Nc6 3. Bb5 a6 4. Bxc6 dxc6 5. O-O f6 6. d4 exd4 7. Qxd4 Qxd4 8.
Nxd4 Bd7 9. Be3 O-O-O 10. Nd2 Ne7 11. Rad1 c5 12. N4b3 b6 13. h3 Be6 14. c3 Nc6
15. f4 Bd6 16. Rfe1 a5 17. Nc1 h6 18. Nd3 g5 19. e5 Bf8 20. Nf3 fxe5 21. Ndxe5
1/2-1/2

[Event "Championnat de France Minime"]
[Site "CALVI"]
[Date "2005.04.20"]
[Round "5.4"]
[White "Fougerit, Valentin"]
[Black "Monsieux, Cyril"]
[Result "1-0"]
[WhiteElo "2068"]
[BlackElo "2213"]
[PlyCount "83"]
[EventDate "2005.??.??"]
[SourceDate "2005.04.17"]

1. e4 c5 2. Nf3 d6 3. Bb5+ Bd7 4. Bxd7+ Qxd7 5. O-O Nc6 6. c3 Nf6 7. d4 e6 8.
d5 Nd8 9. Re1 e5 10. b4 Qc7 11. Qa4+ Nd7 12. Na3 a6 13. Rb1 c4 14. Be3 Qc8 15.
Bb6 Be7 16. Nd2 O-O 17. Naxc4 f5 18. exf5 Nf7 19. Qb3 Nh6 20. f4 Kh8 21. fxe5
dxe5 22. Bf2 Qd8 23. Nf3 Rxf5 24. Ncxe5 Bd6 25. Bd4 Nxe5 26. Bxe5 Rxf3 27. Bxd6
Rf5 28. Be7 Qxd5 29. Qxd5 Rxd5 30. Rbd1 Rf5 $11 31. Rd7 Re8 32. Rf1 Re5 33.
Rf8+ Rxf8 34. Bxf8 Rg5 35. Rxb7 Kg8 36. Bc5 Rd5 37. Ra7 Rd1+ 38. Kf2 Rd2+ 39.
Kf3 Rxa2 40. b5 Ra5 41. c4 Ra4 42. b6 1-0

[Event "Championnat de France Minime"]
[Site "CALVI"]
[Date "2005.04.20"]
[Round "5.5"]
[White "Brethes, Francois"]
[Black "Stahl, Clement"]
[Result "1-0"]
[WhiteElo "2161"]
[BlackElo "1960"]
[PlyCount "57"]
[EventDate "2005.??.??"]
[SourceDate "2005.04.17"]

1. d4 c5 2. e3 cxd4 3. exd4 d5 4. Nf3 Nf6 5. Bd3 Bg4 6. O-O e6 7. c3 Nc6 8. Bg5
Be7 9. Nbd2 O-O 10. Qe1 Bxf3 11. Nxf3 h6 12. Bh4 Nd7 13. Bg3 Nb6 14. Qe2 Rc8
15. Bc2 Bd6 16. Qd3 f5 17. Rfe1 Bxg3 18. hxg3 Qf6 19. g4 fxg4 20. Qh7+ Kf7 21.
Nh2 Qg5 22. f4 Qh5 23. f5 exf5 24. Bxf5 Rce8 {Diagramme #} 25. Bg6+ Qxg6 26.
Rf1+ Qf6 27. Nxg4 Qxf1+ 28. Rxf1+ Ke6 29. Qg6+ 1-0

[Event "Championnat de France Minime"]
[Site "CALVI"]
[Date "2005.04.20"]
[Round "5.6"]
[White "Henry, Guillaume"]
[Black "Trapp, Thibaut"]
[Result "1-0"]
[WhiteElo "2128"]
[BlackElo "2007"]
[PlyCount "45"]
[EventDate "2005.??.??"]
[SourceDate "2005.04.17"]

1. e4 e6 2. d4 d5 3. e5 c5 4. Nf3 Nc6 5. Bd3 Qb6 6. O-O cxd4 7. Re1 Be7 8. a3
Bd7 9. b4 f6 10. Bf4 O-O-O 11. c4 dxc3 12. Nxc3 g5 13. exf6 gxf4 14. Na4 Qc7
15. fxe7 Ngxe7 16. Rc1 Qd6 17. b5 Qxa3 18. bxc6 Nxc6 19. Nd4 Kb8 20. Nxe6 Nb4
21. Nxd8 Qxd3 22. Nc5 Qxd1 23. Nxd7+ 1-0

[Event "Championnat de France Minime"]
[Site "CALVI"]
[Date "2005.04.20"]
[Round "5.7"]
[White "Curto, Nicolas"]
[Black "Frederic, Clement"]
[Result "1-0"]
[WhiteElo "1994"]
[BlackElo "2095"]
[PlyCount "83"]
[EventDate "2005.??.??"]
[SourceDate "2005.04.17"]

1. d4 f5 2. c4 Nf6 3. g3 g6 4. Bg2 Bg7 5. h4 Nc6 6. Nh3 e5 7. dxe5 Nxe5 8. Qc2
d6 9. O-O O-O 10. Nf4 c6 11. b3 Qc7 12. Ba3 Re8 13. Nc3 Be6 14. Rac1 Rad8 15.
Qb1 Bf7 16. Rfd1 Rd7 17. Bb2 Bh6 18. Rc2 Qd8 19. e3 Bg7 20. Rcd2 h6 21. Ba3 Bf8
22. Nce2 Nh7 23. Nh3 Nf6 24. Bb2 Bg7 25. Qa1 Qc7 26. Nc3 Nh7 27. e4 Be6 28. Nf4
fxe4 29. Nxe4 Kh8 30. Nxd6 Rxd6 31. Rxd6 Bg4 32. Rd8 Rxd8 33. Rxd8+ Qxd8 34.
Bxe5 Nf6 35. Nxg6+ Kh7 36. Nf4 Qe7 37. Qd4 c5 38. Qd3+ Kg8 39. Bxf6 Qxf6 40.
Bd5+ Kf8 41. Ng6+ Ke8 42. Qe4+ 1-0

[Event "Championnat de France Minime"]
[Site "CALVI"]
[Date "2005.04.20"]
[Round "5.8"]
[White "Guilleux, Fabien"]
[Black "Ritzenthaler, Stephane"]
[Result "1-0"]
[WhiteElo "1900"]
[BlackElo "2026"]
[PlyCount "79"]
[EventDate "2005.??.??"]
[SourceDate "2005.04.17"]

1. c4 Nf6 2. g3 c5 3. Bg2 Nc6 4. Nc3 d6 5. e3 Bf5 6. d3 g6 7. Nge2 Bg7 8. O-O
O-O 9. e4 Bg4 10. f3 Bd7 11. f4 Qc8 12. Qe1 Re8 13. a3 Bh3 14. f5 Bxg2 15. Kxg2
e6 16. fxg6 fxg6 17. Bg5 Ng4 18. Qd2 Qd7 19. h3 Nge5 20. Bf6 Rf8 21. Bxg7 Kxg7
22. Rf4 Rxf4 23. gxf4 Nf7 24. Rf1 Rd8 25. Qe1 Ne7 26. Ng3 Nh6 27. Qe3 b6 28.
Rf2 Re8 29. Kh2 d5 30. exd5 exd5 31. Qe5+ Kg8 32. Nh5 gxh5 33. Qg5+ Ng6 34.
Qxh6 Qf5 35. Nxd5 Rf8 36. Rg2 Rf7 37. Qg5 Qxd3 38. f5 Rg7 39. Qd8+ Nf8 40. Ne7+
1-0

[Event "Championnat de France Minime"]
[Site "CALVI"]
[Date "2005.04.20"]
[Round "5.9"]
[White "Fahys, Jonathan"]
[Black "Rigolot, Matthieu"]
[Result "1-0"]
[WhiteElo "2000"]
[BlackElo "2135"]
[PlyCount "81"]
[EventDate "2005.??.??"]
[SourceDate "2005.04.17"]

1. e4 c5 2. Nc3 a6 3. Nf3 d6 4. d4 cxd4 5. Nxd4 Nf6 6. Bg5 e6 7. f4 Qb6 8. Qd2
Nc6 9. O-O-O Bd7 10. Bc4 Rc8 11. Bb3 Be7 12. Nxc6 Bxc6 13. Rhe1 O-O 14. Nd5
Nxd5 15. exd5 Bxg5 16. fxg5 exd5 17. Bxd5 Bxd5 18. Qxd5 Rc5 19. Qxd6 Qxd6 20.
Rxd6 Rxg5 21. g3 h5 22. Re7 f5 23. Rxb7 h4 24. Rb3 f4 25. gxf4 Rxf4 26. h3 Rg2
27. Rc3 g5 28. b3 Kg7 29. Rxa6 Rg3 30. Rcc6 Rxh3 31. Rg6+ Kf7 32. Rxg5 Rg3 33.
Rh5 Rg2 34. a4 Rff2 35. Rc6 Rh2 36. a5 h3 37. Rc3 Rh1+ 38. Kb2 h2 39. Rch3 Kg6
40. a6 Rf6 41. Rh6+ 1-0

[Event "Championnat de France Minime"]
[Site "CALVI"]
[Date "2005.04.20"]
[Round "5.10"]
[White "Lecouteux, Guilhem"]
[Black "Blake, Cyprien"]
[Result "0-1"]
[WhiteElo "1910"]
[BlackElo "2060"]
[PlyCount "30"]
[EventDate "2005.??.??"]
[SourceDate "2005.04.17"]

1. d4 Nf6 2. c4 d6 3. Nc3 g6 4. e4 Bg7 5. f4 O-O 6. Nf3 c5 7. d5 a6 8. Be2 b5
9. e5 dxe5 10. fxe5 Ng4 11. Bf4 Nd7 12. cxb5 Ngxe5 13. bxa6 Qb6 14. Qb3 Qa7 15.
O-O $4 {Diagramme #} 15... c4+ 0-1

[Event "Championnat de France Minime Fille"]
[Site "CALVI"]
[Date "2005.04.20"]
[Round "5.1"]
[White "Brih, Touatia"]
[Black "Ferry, Justine"]
[Result "1-0"]
[WhiteElo "1904"]
[BlackElo "1882"]
[PlyCount "89"]
[EventDate "2005.??.??"]
[SourceDate "2005.04.17"]

1. e4 c5 2. Nf3 a6 3. d4 cxd4 4. Nxd4 Nf6 5. Nc3 e5 6. Nf3 Nc6 7. a3 Bc5 8. Bd3
h6 9. O-O d6 10. b4 Ba7 11. Bb2 Be6 12. Ne2 O-O 13. c4 Nd7 14. Nc3 Nd4 15. Nxd4
Bxd4 16. Qd2 Rc8 17. Nd5 Bxb2 18. Qxb2 Nb8 19. f4 Nc6 20. f5 Bxd5 21. exd5 Nd4
22. f6 gxf6 23. Qd2 Kg7 24. Qe3 Rg8 25. Qg3+ Kf8 26. Qh4 Kg7 27. Qg4+ Kf8 28.
Qh5 Rh8 29. Ra2 Kg7 30. Raf2 f5 31. Bxf5 Nxf5 32. Rxf5 f6 33. Qg4+ Kf7 34.
Rxf6+ Qxf6 35. Rxf6+ Kxf6 36. Qe6+ Kg5 37. Qxd6 Rhe8 38. h4+ Kxh4 39. Qxh6+ Kg4
40. d6 Rcd8 41. Qg6+ Kf4 42. Kf2 e4 43. Qf6+ Kg4 44. Ke3 Kg3 45. Qf4+ 1-0

[Event "Championnat de France Minime Fille"]
[Site "CALVI"]
[Date "2005.04.20"]
[Round "5.2"]
[White "Bismuth, Lea"]
[Black "Benmesbah, Natacha"]
[Result "0-1"]
[WhiteElo "1860"]
[BlackElo "2113"]
[PlyCount "134"]
[EventDate "2005.??.??"]
[SourceDate "2005.04.17"]

1. e4 c5 2. c4 Nc6 3. Nc3 g6 4. d3 Bg7 5. g3 e6 6. Bg2 Nge7 7. Nge2 O-O 8. O-O
d6 9. Be3 Nd4 10. Bxd4 cxd4 11. Nb5 Nc6 12. Qd2 a6 13. Na3 Rb8 14. Rac1 Qe7 15.
f4 e5 16. f5 Bf6 17. Qe1 Bg5 18. Nc2 b5 19. cxb5 axb5 20. h4 Bf6 21. Qf2 b4 22.
Ne1 Na7 23. Kh2 d5 24. Bh3 dxe4 25. dxe4 Ba6 26. Qf3 Qd6 27. Nd3 Nc6 28. Rc2 b3
29. axb3 Rxb3 30. Nec1 Bxd3 31. Nxd3 Nb4 32. Rd2 Qa6 33. Rfd1 Rb8 34. fxg6 hxg6
35. Nxb4 R8xb4 36. Qf2 Qb6 37. Bg2 Rxb2 38. Rxb2 Rxb2 39. Rd2 Rb3 40. Bf1 Rc3
41. Rd3 Qb1 42. Rd2 Bg7 43. Bg2 Bh6 44. Rb2 Be3 45. Qxf7+ $11 Kxf7 46. Rxb1 Ke7
47. Rb7+ Kd8 48. Rf7 d3 49. Rf1 Ke7 50. Bf3 Rc2+ 51. Kh3 Kd6 52. Rd1 Rc3 53. h5
gxh5 54. Bxh5 Kc5 55. Kg2 Kd4 56. Bf3 Rc2+ 57. Kh3 Kc3 58. Bh5 Rf2 59. Be8 Bd2
60. Kh4 Re2 61. Bh5 Rxe4+ 62. g4 Kc2 63. Ra1 Bc3 64. Rf1 Be1+ 65. Kh3 Re3+ 66.
Kg2 Rg3+ 67. Kh2 d2 0-1

[Event "Championnat de France Minime Fille"]
[Site "CALVI"]
[Date "2005.04.20"]
[Round "5.3"]
[White "Gadarinian, Caroline"]
[Black "Congiu, Mathilde"]
[Result "1/2-1/2"]
[WhiteElo "1927"]
[BlackElo "2072"]
[PlyCount "57"]
[EventDate "2005.??.??"]
[SourceDate "2005.04.17"]

1. Nf3 Nf6 2. d4 b6 3. c3 Bb7 4. Bg5 Ne4 5. Bf4 e6 6. Nbd2 Be7 7. e3 d6 8. Bd3
Nxd2 9. Qxd2 Nd7 10. Qe2 a6 11. O-O O-O 12. e4 Re8 13. Rfe1 h6 14. e5 Bf8 15.
Be4 Bxe4 16. Qxe4 d5 17. Qd3 c5 18. Rec1 c4 19. Qd1 b5 20. b3 Nb6 21. Nd2 Qc7
22. Qf3 Rec8 23. b4 Ra7 24. a3 Rca8 25. Qd1 a5 26. Nf3 Ra6 27. Bd2 Qa7 28. Rab1
axb4 29. axb4 1/2-1/2

[Event "Championnat de France Minime Fille"]
[Site "CALVI"]
[Date "2005.04.20"]
[Round "5.4"]
[White "Laurens, Julia"]
[Black "Le Bail, Clara"]
[Result "1-0"]
[WhiteElo "2023"]
[BlackElo "1938"]
[PlyCount "65"]
[EventDate "2005.??.??"]
[SourceDate "2005.04.17"]

1. d4 d5 2. c4 Nc6 3. Nc3 e5 4. cxd5 Nxd4 5. e3 Nf5 6. Nf3 Bd6 7. Be2 Nf6 8. e4
Ne7 9. Bg5 Ng6 10. Nh4 Nxh4 11. Bxh4 a6 12. O-O O-O 13. Rb1 Qe7 14. a3 Bd7 15.
b4 a5 16. Qb3 axb4 17. axb4 c6 18. Rfd1 Rfd8 19. Bc4 Be8 20. Rd3 b5 21. dxc6
bxc4 22. Qxc4 Qe6 23. Nd5 Be7 24. Bxf6 Bxf6 25. c7 Rdc8 26. Qc5 Qc6 27. Nb6
Qxe4 28. Rdb3 Ra3 29. f3 Qg6 30. Nxc8 Rxb3 31. Rxb3 Ba4 32. Ne7+ Bxe7 33. c8=Q+
1-0